000 00716 a2200265 4500
001 OJ-terrain-167
003 FrMaCLE
005 20251214085657.0
007 cu ||||||m||||
008 050318e||||||||xx |||||s|||||||||0|fr|d
024 7 _a10.4000/terrain.167
_2doi
040 _aFR-FrMaCLE
100 1 _aFleury, Elizabeth
245 1 0 _aFamille et parenté.
260 _c2005
540 _aCC-BY-NC-ND-4.0
_uhttps://creativecommons.org/licenses/by-nc-nd/4.0/
650 4 _afamille
650 4 _aparenté
650 4 _aanthropologie
650 4 _aFrance
650 4 _anoms
650 4 _aPierre Bourdieu
650 4 _aprénoms
856 4 _uhttps://journals.openedition.org/terrain/167
_yFamille et parenté
999 _c32467
_d32467